Szczegóły MARC
| 000 -Nagłówek |
| fixed length control field |
02220cam a2200529 i 4500 |
| 001 - Nr kontrolny bibl., która utworzyła rek. |
| control field |
xx004873142 |
| 003 - Siglum bibl., której nr kontr. jest w 001 |
| control field |
NUKAT |
| 005 - Data i czas ostatniej operacji |
| control field |
20260429112503.0 |
| 008 - Elementy pola stałej długości |
| fixed length control field |
200529s2020 pl a |000 0cpol c |
| 020 ## - ISBN |
| ISBN |
9788380988750 |
| dopowiedzenie |
(oprawa twarda) : |
| warunki dostępności |
zł 40,00 |
| 035 ## - Systemowy numer kontrolny |
| systemowy numer kontrolny |
(OCoLC)1424145142 |
| 035 ## - Systemowy numer kontrolny |
| systemowy numer kontrolny |
(NUKAT)xx004873142 |
| 040 ## - Instytucja sporządzająca opis |
| Instytucja, która sporządziła opis |
KAT U/DL |
| język katalgowania-trzyzn. kod |
pol |
| zasady opisu |
rda |
| Instytucja, która sporządziła rekord |
KAT U/DLs |
| Instytucja, która zmodyfikowała rekord |
KAT U/MP |
| -- |
POZN U/EMs |
| -- |
WA 14/PTs |
| -- |
OLSZT 008/bak |
| 041 1# - Kod nazwy języka dokumentu |
| Język tekstu |
pol |
| Język streszczeń |
eng |
| -- |
ger |
| -- |
rus |
| Language code of original |
ger |
| 045 0# - Okres czasu dla zawartości |
| czas między r. 9999 pne a nasz. czas. |
d1943 |
| 046 ## - Kod rodz. daty, data1, data2 (daty pne) |
| Begin/single date |
2020 |
| 245 00 - Tytuł właściwy i oznaczenie odpow. |
| tytuł |
Niemiecki urzędowy materiał w sprawie masowego mordu w Katyniu / |
| dod. inf. ze s. tyt./ozn. odpow. |
redakcja naukowa Adam Bosiacki ; przekład Przemysław Bentkowski. |
| 260 ## - Adres wydawniczy |
| miejsce wydania, dystrybucji itp. |
[Warszawa] : |
| nazwa wydawcy, dystrybutora itp. |
Instytut Pamięci Narodowej - Komisja Ścigania Zbrodni przeciwko Narodowi Polskiemu, |
| data wydania, dystrybucji itp. |
© 2020. |
| 300 ## - Opis fizyczny |
| objętość i/lub forma materiału |
478, [1] strona : |
| inne szczegóły opisu fizycznego |
ilustracje ; |
| format |
25 cm. |
| 336 ## - Content Type |
| Term |
Tekst |
| Code |
txt |
| Source |
rdacontent |
| 337 ## - Media Type |
| Term |
Bez urządzenia pośredniczącego |
| Code |
n |
| Source |
rdamedia |
| 338 ## - Carrier Type |
| Term |
Wolumin |
| Code |
nc |
| Source |
rdacarrier |
| 380 ## - Form of work |
| Form of work |
Książki |
| 380 ## - Form of work |
| Form of work |
Publikacje naukowe |
| 388 1# - TIME PERIOD OF CREATION |
| Time period of creation term |
2001- |
| 500 ## - Uwaga ogólna |
| uwaga ogólna |
Miejsce wydania ustalone na podstawie siedziby wydawcy. |
| 504 ## - Uwaga o bibliografii |
| uwaga o bibliografii |
Bibliografia na stronach 477-[479]. |
| 546 ## - Uwaga o języku opisywanego materiału |
| uwaga o języku |
Streszczenie w języku angielskim, niemieckim, rosyjskim. |
| 648 #7 - SUBJECT ADDED ENTRY--CHRONOLOGICAL TERM |
| Chronological term |
1901-2000 |
| Source of heading or term |
DBN |
| 9 (RLIN) |
34996 |
| 648 #7 - SUBJECT ADDED ENTRY--CHRONOLOGICAL TERM |
| Chronological term |
1939-1945 |
| Source of heading or term |
DBN |
| 9 (RLIN) |
36042 |
| 650 #7 - Hasło przedmiotowe-nazwa pospolita |
| nazwa pospolita lub geogr. |
Egzekucja polskich oficerów w Katyniu (1940) |
| źródło hasła |
DBN |
| 9 (RLIN) |
40811 |
| 650 #7 - Hasło przedmiotowe-nazwa pospolita |
| nazwa pospolita lub geogr. |
Sprawa katyńska |
| źródło hasła |
DBN |
| 9 (RLIN) |
40759 |
| 650 #7 - Hasło przedmiotowe-nazwa pospolita |
| nazwa pospolita lub geogr. |
Zbrodnia katyńska (1940) |
| źródło hasła |
DBN |
| 9 (RLIN) |
40760 |
| 650 #7 - Hasło przedmiotowe-nazwa pospolita |
| nazwa pospolita lub geogr. |
Katyń, Zbrodnia (1940) |
| określnik formy |
spisy. |
| źródło hasła |
kaba |
| 9 (RLIN) |
40854 |
| 650 #7 - Hasło przedmiotowe-nazwa pospolita |
| nazwa pospolita lub geogr. |
Katyń, Zbrodnia (1940) |
| określnik formy |
źródła. |
| źródło hasła |
kaba |
| 9 (RLIN) |
40855 |
| 651 #7 - Hasło przedmiotowe-nazwa geogr. |
| nazwa geograficzna |
Niemcy |
| źródło hasła |
DBN |
| 9 (RLIN) |
35243 |
| 651 #7 - Hasło przedmiotowe-nazwa geogr. |
| nazwa geograficzna |
Niemcy |
| określnik chronologiczny |
1933-1945 |
| określnik formy |
źródła. |
| źródło hasła |
kaba |
| 9 (RLIN) |
7534 |
| 655 #7 - Termin określający rodzaj/formę |
| rodzaj/forma |
Wydawnictwo źródłowe |
| źródło terminu |
DBN |
| 9 (RLIN) |
35066 |
| 658 ## - Nazwa określająca cel programu nauczania |
| główny cel programu nauczania |
Bezpieczeństwo i wojskowość |
| 658 ## - Nazwa określająca cel programu nauczania |
| główny cel programu nauczania |
Historia |
| 700 1# - Hasło dodatkowe - nazwa osobowa |
| nazwa osobowa |
Bentkowski, Przemysław. |
| rodzaj współpracy |
Tłumaczenie |
| 9 (RLIN) |
40852 |
| 700 1# - Hasło dodatkowe - nazwa osobowa |
| nazwa osobowa |
Bosiacki, Adam |
| daty biograficzne |
(1968- ). |
| rodzaj współpracy |
Redakcja |
| 9 (RLIN) |
40853 |
| 710 2# - Hasło dodatkowe - nazwa ciała zbior. |
| nazwa ciała zbior. lub nazwa geogr. |
Instytut Pamięci Narodowej - Komisja Ścigania Zbrodni przeciwko Narodowi Polskiemu. |
| rodzaj współpracy |
Wydawca |
| kod rodzaju współpracy |
pbl |
| 9 (RLIN) |
11792 |
| 920 ## - ISBN |
| ISBN |
978-83-8098-875-0 (oprawa twarda) : zł 40,00 |
| 930 ## - EQUIVALENCE OR CROSS-REFERENCE-UNIFORM TITLE HEADING [LOCAL, CANADA] |
| Uniform title |
Uwaga NUKAT! Rekord nie jest dubletem |
| 942 ## - ADDED ENTRY ELEMENTS (KOHA) |
| Source of classification or shelving scheme |
Dewey Decimal Classification |
| Koha item type |
pozycje dostępne na miejscu |